00678cam a22001934a 45000010005000000030009000050050017000140080041000310200015000720400028000870820019001151000021001342450072001552600037002273000042002645040060003066000062003666500056004286482BD-DhUAP20200226175609.0200226s2001 nyua b 001 0 eng  a0810942267 aDLCcDLCdBD-DhUAPbEng00223a720.92 RYK1 aRykwert, Joseph.10aLouis Kahn /cJoseph Rykwert ; new photographed by Roberto Schezen. aNew York :bH.N. Abrams,cc2001. a223 pages :billustratiopns ;c32 cm. aIncludes bibliographical references (p. 217) and index.10aKahn, Louis I.,d1901-1974xCriticism and interpretation. 0aArchitecturezUnited StatesxHistoryy20th century.